000 00258nam a2200097Ia 4500
001 1176335
005 20250827012708.0
008 250824s9999 xx 000 0 und d
245 0 _aSİS NASIL OLSA DAĞILIR
_cAHMET MELİH KARAUĞUZ
260 _bKETEBE BİLİM
999 _c1176335
_d1176335